000 00642nam a22002297a 4500
003 KOHA_MİRAKIL
005 20260406114505.0
008 260406b tu ||||| |||| 00| 0 tur d
020 _a9758094947
040 _aTR-AnABB
_btur
_cTR-AnABB
041 _atur
082 _a813.42
_bOZE 1999
100 1 _aÖzer, Ahmet
245 1 0 _aSesimi rüzgara verdim /
_cAhmet Özer
260 _aAnkara :
_bGüldikeni yayınları,
_c1999
300 _a222 sayfa ;
_c20 cm
490 0 _aTürk edebiyatı,deneme
500 _ayazar imzalı
650 0 4 _aTürk edebiyatı, roman
900 _bCan ÇELIK
942 _2ddc
_cBK
999 _c10143
_d10143